Normal view MARC view
  • Talware S (2K41045)

Entry Personal Name

Number of records used in: 1

001 - CONTROL NUMBER

  • control field: 102221

003 - CONTROL NUMBER IDENTIFIER

  • control field: OSt

005 - DATE AND TIME OF LATEST TRANSACTION

  • control field: 20221007215924.0

008 - FIXED-LENGTH DATA ELEMENTS

  • fixed length control field: 221007|| aca||aabn | a|a d

040 ## - CATALOGING SOURCE

  • Original cataloging agency: OSt
  • Transcribing agency: OSt

100 ## - HEADING--PERSONAL NAME

  • Personal name: Talware S (2K41045)

670 ## - SOURCE DATA FOUND

  • Source citation: Work cat.: (OSt)69382: Talware S (2K41045), Study and Analysis of Selection and Joining Process, 2006